Closest capital # Washington D.C, USA - Statistics

General Stats
  • This quiz has been taken 31 times
  • The average score is 7 of 10
Answer Stats
Distance Capital % Correct
732 km Ottawa
100%
1,821 km Havana
92%
2,318 km Kingston
81%
1,536 km Nassau
77%
2,303 km Port-au-Prince
69%
2,367 km Santo Domingo
69%
2,834 km Saint John's
62%
2,657 km Belmopan
58%
2,765 km Basseterre
46%
2,927 km Tegucigalpa
42%
No matching quizzes found
Score Distribution
Percent of People with Each Score
Percentile by Number Answered
Your Score History
You have not taken this quiz